| 000 | 00483nam a22001817a 4500 | ||
|---|---|---|---|
| 005 | 20251108172353.0 | ||
| 008 | 250721s9999 xx 000 0 eng d | ||
| 082 | 1 | 4 | _aJ/F/HOP |
| 100 | 1 | _aHopwood, Clive | |
| 245 | 1 | 4 | _aThe Pied piper / |
| 264 | 1 |
_aManchester : _bThe World international publishing led., _c[19-]. |
|
| 300 | _a28 p. : ill | ||
| 490 | 0 | _aLittle Owle,s Books | |
| 650 | 1 | 7 | _aFiction |
| 700 | 1 |
_aLinsdeu, Alan _eillustrated |
|
| 942 |
_2ddc _cBK |
||
| 999 |
_c77483 _d77483 |
||